Vliv hnojení na jakost cukrovky v různých osevních sledech

Podrobná bibliografia
Hlavný autor: Strnad, Přemysl (Autor)
Médium: Článok
Jazyk:čeština

MARC

LEADER 00000nab a2200000uu 4500
001 vtls011449275
003 SK-MaSNL
005 20260303112151.0
008 230121|1970 xo |||||||||||||||||cze|
015 |a SNBRB 
035 |a (urnnbn)urn:nbn:sk:snk:ar-0062kg 
035 |a (uuid)01a5b4ae-bac0-413d-bb97-cc97a0bda229 
035 |a urn:nbn:sk:snk-abclqa 
040 |a SNKBUCL  |b slo  |c SNKBUCL  |e AACR2 
041 0 |a cze 
044 |a xo  |c SK 
100 1 |a Strnad, Přemysl  |4 aut  |9 514350 
245 1 0 |a Vliv hnojení na jakost cukrovky v různých osevních sledech  |c Přemysl Strnad 
773 0 |t Agrochémia : časopis pre chemizáciu poľnohospodárstva  |g Roč. 10, č. 8-9 (1970), s. 228-232 
954 |a odborná, vedecká literatúra cudzojazyčná (svetová)  |2 lita 
958 |a OND 
958 |a EUIPO 
958 |a article16 
999 |c 1882467  |d 1884397